Čipy namiesto kódov? aká budúcnosť čaká systém kódového označovania výrobkov EAN
Čiarový kód ako základ súčasného systému automatickej identifikácie. Kód vo výrobnom cykle. Systém EAN. Technológia RFID. RFID čípy.
Na minha lista:
| Autor principal: | |
|---|---|
| Formato: | Capítulo de Livro |
| Idioma: | eslovaco |
| Assuntos: | |
| Tags: |
Sem tags, seja o primeiro a adicionar uma tag!
|
MARC
| LEADER | 00000naa$a2200000$$$4500 | ||
|---|---|---|---|
| 001 | 0058920 | ||
| 005 | 20240502071646.5 | ||
| 041 | 0 | |a slo | |
| 044 | |a SK | ||
| 245 | 1 | 0 | |a Čipy namiesto kódov? |b aká budúcnosť čaká systém kódového označovania výrobkov EAN |c Igor Kačeňák |
| 520 | |a Čiarový kód ako základ súčasného systému automatickej identifikácie. Kód vo výrobnom cykle. Systém EAN. Technológia RFID. RFID čípy. | ||
| 610 | 2 | 0 | |a kódy čiarové |
| 610 | 2 | 0 | |a značky výrobné |
| 610 | 2 | 0 | |a značky výrobkov |
| 610 | 2 | 0 | |a identifikácia automatická |
| 100 | 1 | |a Kačeňák, Igor | |